| 000 | 00394nam a22001577a 4500 | ||
|---|---|---|---|
| 003 | SGT | ||
| 020 | _a9781543344844 | ||
| 082 |
_a615.1 _bP21P |
||
| 100 | _aPATIL, SHEETAL VIKASH | ||
| 245 | _aA TEXT BOOK OF PHARMACEUTICAL VALIDATION | ||
| 260 |
_aPUNJAB _bS.VIKASH AND COMPANY _c2021 |
||
| 300 | _a141 | ||
| 650 | _aPHARMACY | ||
| 653 | _a PHARMACEUTICS, VALIDATION | ||
| 942 |
_2ddc _cGF BOOKS |
||
| 999 |
_c31331 _d31331 |
||